000 00425nam a2200181Ia 4500
008 240509s9999 xx 000 0 und d
041 _aEng
082 _a005
082 _bR93
100 _a-
245 0 _aNotes on theoretical foundations of computer science
260 _bColombo : U.G.C.
260 _c1988
300 _a254 p.
650 _aComputer Science : numerical methods
942 _2ddc
942 _cLBK
999 _c22493
_d22493
945 _a1
_bMadushi Gamage
_c1
_dMadushi Gamage